| 000 | 00689nam a2200217Ii 4500 | ||
|---|---|---|---|
| 003 | JO-AjNU | ||
| 008 | 230605s9999||||xx |||||||||||||| ||und|| | ||
| 017 | _a2009/10/3799 | ||
| 040 |
_aJO-AjNU _bara _erda _cJO-AjNU |
||
| 041 | _aara | ||
| 050 | 1 | 4 | _aBP89.I75.2010 |
| 100 | 3 |
_aإسعيفان،مصطفى عايد, _eauthor _911862 |
|
| 245 | 0 | 0 | _aالوجيز في الثقافة الإسلامية |
| 250 | _aط1 | ||
| 264 | 3 | 1 | _aعمان:دار البداية ناشرون وموزعون ،2010 |
| 300 | _a249ص | ||
| 336 |
_atext _btxt _2rdacontent |
||
| 337 |
_aunmediated _bn _2rdamedia |
||
| 338 |
_avolume _bnc _2rdacarrier |
||
| 650 | 4 |
_aالثقافة الاسلامية _911863 |
|
| 999 |
_aA2542 _c6110 _d6110 |
||